000 00869 a2200205 4500
020 _a0521772907
040 _aDLC
_bDLC
082 0 0 _a515.39
100 1 _aLeimkuhler, B.
245 1 0 _aSimulating Hamiltonian dynamics
_cBenedict Leimkuhler, Sebastian Reich.
260 _aCambridge, UK ;
_aNew York :
_bCambridge University Press,
_c2004.
300 _axvi, 379 p. :
_bill. ;
_c24 cm.
440 0 _aCambridge monographs on applied and computational mathematics ;
_v14
650 0 _aHamiltonian systems.
700 1 _aReich, Sebastian.
856 4 2 _3Publisher description
_uhttp://www.loc.gov/catdir/description/cam041/2004045685.html
856 4 2 _3Table of contents
_uhttp://www.loc.gov/catdir/toc/cam041/2004045685.html
856 4 2 _3Contributor biographical information
_uhttp://www.loc.gov/catdir/enhancements/fy0732/2004045685-b.html
942 _cBK
_k515.39 LEI
_2ddc
999 _c8966
_d8966